| 000 | 01522nam a2200349 a 4500 | ||
|---|---|---|---|
| 001 | ebr10400442 | ||
| 003 | CaPaEBR | ||
| 006 | m u | ||
| 007 | cr cn||||||||| | ||
| 008 | 050302s2005 ilu sb 001 0 eng | ||
| 010 | _z 2005005935 | ||
| 020 | _z0812695739 (alk. paper) | ||
| 040 |
_aCaPaEBR _cCaPaEBR |
||
| 035 | _a(OCoLC)649915899 | ||
| 050 | 1 | 4 |
_aPN6712 _b.S86 2005eb |
| 082 | 0 | 4 |
_a741.5/09 _222 |
| 245 | 0 | 0 |
_aSuperheroes and philosophy _h[electronic resource] : _btruth, justice, and the socratic way / _cedited by Tom Morris and Matt Morris. |
| 260 |
_aChicago, Ill. : _bOpen Court, _cc2005. |
||
| 300 | _axiii, 281 p. | ||
| 490 | 1 |
_aPopular culture and philosophy ; _vv. 13 |
|
| 504 | _aIncludes bibliographical references and index. | ||
| 505 | 0 | _aThe image of the superhero -- The existential world of the superhero -- Superheroes and moral duty -- Identity and superhero metaphysics. | |
| 533 |
_aElectronic reproduction. _bPalo Alto, Calif. : _cebrary, _d2013. _nAvailable via World Wide Web. _nAccess may be limited to ebrary affiliated libraries. |
||
| 650 | 0 |
_aComic books, strips, etc. _xMoral and ethical aspects. |
|
| 650 | 0 | _aHeroes in literature. | |
| 655 | 7 |
_aElectronic books. _2local |
|
| 700 | 1 | _aMorris, Thomas V. | |
| 700 | 1 |
_aMorris, Matt, _d1983- |
|
| 710 | 2 | _aebrary, Inc. | |
| 830 | 0 |
_aPopular culture and philosophy ; _vv. 13. |
|
| 856 | 4 | 0 |
_uhttp://site.ebrary.com/lib/rucke/Doc?id=10400442 _zAn electronic book accessible through the World Wide Web; click to view |
| 999 |
_c202150 _d202150 |
||